000 00416nam a2200169Ia 4500
008 230524s9999 xx 000 0 und d
020 _a8174464174
082 _a174.4
_bSIN
100 _aS.Singh
245 0 _aCorporate Governance : Global Concepts & Practice
250 _aIST
260 _aNEW DELHI
_bExcel
_c2009
300 _aVI;533
500 _aQuantity Number: 3
650 _aManagement
942 _cBK
999 _c45097
_d45097